00499nam a2200133Ia 4500008004100000041000800041082002100049100001500070245003500085260003700120300000900157999001900166952018000185230411s9999 xx 000 0 und d aeng aB/530/THA/B07530 aThayalan K aBio Medical Physics for Nurses bJaypee BrothersaNew Delhic2007 a188p c157638d157638 001040708BaBTINbBTINd2013-03-21eJaypee Brothers Medical Publishersg175.00i5251l0oB 530 THA B07530pBTIN-BK-7530r2023-04-11 00:00:00v128.00w2013-03-21yBKzB07530